| LEADER |
01012nam0a2200241 450 |
| 001 |
16859333 |
| 010 |
|
|
|a 978-2-0812-5013-0
|b br.
|d 3,9
|
| 100 |
|
|
|a 20221230d2026 u u0frey01 ba
|
| 101 |
0 |
|
|a fre
|
| 102 |
|
|
|a FR
|
| 200 |
0 |
|
|a Aventures prodigieuses de Tartarin de Tarascon
|f Alphonse Daudet
|g présentation et chronologie par Geneviève van Den Bogaert,...
|
| 207 |
|
1 |
|a
|
| 210 |
|
|
|a Paris
|b 26 rue Racine.
|c Flammarion
|d DL 2010
|
| 215 |
|
|
|a 1 vol. (186 p.)
|c couv. ill. en coul.
|d 18 cm
|
| 225 |
1 |
|
|a GF
|v 178
|
| 330 |
|
|
|a Les charmes de la Provence ne suffisent pas à Tartarin. Ce bourgeois rêve d'héroïsme, d'où son goût pour la vantardise. Il finit par s'engager dans une rocambolesque épopée africaine.
|
| 607 |
|
|
|a Provence (France)
|
| 676 |
|
|
|a 808.8
|
| 700 |
|
0 |
|a Daudet
|b Alphonse
|f 1840-1897
|4 70
|
| 702 |
|
0 |
|a Van den Bogaert
|b Geneviève
|4 80
|
| 900 |
|
|
|a Roman (jeunesse)
|
| 901 |
|
|
|a Adultes
|
| 995 |
|
|
|a Médiathèque
|c Médiathèque
|f 089019313
|h 089019313
|k J DAU
|o p
|q a
|r az
|e Médiathèque
|